000 00585cam a2200217 4500
008 090401t1992 xxu||||| |||| 00| 0 eng d
020 _a0748715215
035 _a(Sirsi) u67385
041 _aeng
050 _a624.08
100 _aAtkinson, A.V.
245 _aCivil engineering contract administration.
250 _a2nd ed.
260 _aCheltenham
_bStanley Thornes (Publishers) Ltd
_c1992
300 _aix,147p. ; 24cm.
350 _a9.99
650 _aENGINEERING CONTRACTS
690 _aBUILT ENVIRONMENT-BUILDING CONTRACT FORMS
942 _n0
948 _c04/03/1997
999 _c95000
_d95000